<?xml version="1.0" encoding="UTF-8"?>
<collection xmlns="http://www.loc.gov/MARC21/slim">
 <record>
  <leader>02800nam a22003497a 4500</leader>
  <controlfield tag="001">NCT_31779</controlfield>
  <controlfield tag="008">180420b        xxu||||| |||| 00| 0 vie d</controlfield>
  <datafield tag="999" ind1=" " ind2=" ">
   <subfield code="c">1529</subfield>
   <subfield code="d">1529</subfield>
  </datafield>
  <datafield tag="020" ind1=" " ind2=" ">
   <subfield code="a">9786040079800</subfield>
   <subfield code="c">65000</subfield>
  </datafield>
  <datafield tag="082" ind1="0" ind2="4">
   <subfield code="2">23rd ed.</subfield>
   <subfield code="a">615.8</subfield>
   <subfield code="b">Ch125</subfield>
  </datafield>
  <datafield tag="100" ind1="1" ind2=" ">
   <subfield code="a">Cao Minh Châu</subfield>
   <subfield code="e">Chủ biên</subfield>
  </datafield>
  <datafield tag="245" ind1="1" ind2="0">
   <subfield code="a">Phục hồi chức năng</subfield>
   <subfield code="b">: Dùng cho đào tạo cử nhân điều dưỡng</subfield>
   <subfield code="c">Cao Minh Châu</subfield>
  </datafield>
  <datafield tag="250" ind1=" " ind2=" ">
   <subfield code="a">Tái bản lần thứ hai</subfield>
  </datafield>
  <datafield tag="260" ind1=" " ind2=" ">
   <subfield code="a">H.</subfield>
   <subfield code="b">Giáo dục Việt Nam</subfield>
   <subfield code="c">2016</subfield>
  </datafield>
  <datafield tag="300" ind1=" " ind2=" ">
   <subfield code="a">247tr.</subfield>
   <subfield code="c">27cm</subfield>
  </datafield>
  <datafield tag="520" ind1=" " ind2=" ">
   <subfield code="a">Nội dung tài liệu được chia thành 2 phần: Phần lý thuyết và phần thực hành</subfield>
  </datafield>
  <datafield tag="653" ind1=" " ind2=" ">
   <subfield code="a">Y đa khoa</subfield>
  </datafield>
  <datafield tag="942" ind1=" " ind2=" ">
   <subfield code="2">ddc</subfield>
   <subfield code="c">BK</subfield>
  </datafield>
  <datafield tag="952" ind1=" " ind2=" ">
   <subfield code="0">0</subfield>
   <subfield code="1">0</subfield>
   <subfield code="2">ddc</subfield>
   <subfield code="4">0</subfield>
   <subfield code="6">615_800000000000000_CH125</subfield>
   <subfield code="7">0</subfield>
   <subfield code="9">7354</subfield>
   <subfield code="a">000001</subfield>
   <subfield code="b">000001</subfield>
   <subfield code="d">2018-04-20</subfield>
   <subfield code="l">1</subfield>
   <subfield code="o">615.8 Ch125</subfield>
   <subfield code="p">MD.10829</subfield>
   <subfield code="r">2020-10-06</subfield>
   <subfield code="s">2020-09-23</subfield>
   <subfield code="v">65000.00</subfield>
   <subfield code="w">2018-04-20</subfield>
   <subfield code="y">BK</subfield>
  </datafield>
  <datafield tag="952" ind1=" " ind2=" ">
   <subfield code="0">0</subfield>
   <subfield code="1">0</subfield>
   <subfield code="2">ddc</subfield>
   <subfield code="4">0</subfield>
   <subfield code="6">615_800000000000000_CH125</subfield>
   <subfield code="7">0</subfield>
   <subfield code="9">7355</subfield>
   <subfield code="a">000001</subfield>
   <subfield code="b">000001</subfield>
   <subfield code="d">2018-04-20</subfield>
   <subfield code="o">615.8 Ch125</subfield>
   <subfield code="p">MD.10830</subfield>
   <subfield code="r">2018-04-20</subfield>
   <subfield code="v">65000.00</subfield>
   <subfield code="w">2018-04-20</subfield>
   <subfield code="y">BK</subfield>
  </datafield>
  <datafield tag="952" ind1=" " ind2=" ">
   <subfield code="0">0</subfield>
   <subfield code="1">0</subfield>
   <subfield code="2">ddc</subfield>
   <subfield code="4">0</subfield>
   <subfield code="6">615_800000000000000_CH125</subfield>
   <subfield code="7">0</subfield>
   <subfield code="9">7356</subfield>
   <subfield code="a">000001</subfield>
   <subfield code="b">000001</subfield>
   <subfield code="d">2018-04-20</subfield>
   <subfield code="o">615.8 Ch125</subfield>
   <subfield code="p">MD.10865</subfield>
   <subfield code="r">2018-04-20</subfield>
   <subfield code="v">65000.00</subfield>
   <subfield code="w">2018-04-20</subfield>
   <subfield code="y">BK</subfield>
  </datafield>
  <datafield tag="952" ind1=" " ind2=" ">
   <subfield code="0">0</subfield>
   <subfield code="1">0</subfield>
   <subfield code="2">ddc</subfield>
   <subfield code="4">0</subfield>
   <subfield code="6">615_800000000000000_CH125</subfield>
   <subfield code="7">0</subfield>
   <subfield code="9">7357</subfield>
   <subfield code="a">000001</subfield>
   <subfield code="b">000001</subfield>
   <subfield code="d">2018-04-20</subfield>
   <subfield code="o">615.8 Ch125</subfield>
   <subfield code="p">MD.11532</subfield>
   <subfield code="r">2018-04-20</subfield>
   <subfield code="v">65000.00</subfield>
   <subfield code="w">2018-04-20</subfield>
   <subfield code="y">BK</subfield>
  </datafield>
  <datafield tag="952" ind1=" " ind2=" ">
   <subfield code="0">0</subfield>
   <subfield code="1">0</subfield>
   <subfield code="2">ddc</subfield>
   <subfield code="4">0</subfield>
   <subfield code="6">615_800000000000000_CH125</subfield>
   <subfield code="7">0</subfield>
   <subfield code="9">7358</subfield>
   <subfield code="a">000001</subfield>
   <subfield code="b">000001</subfield>
   <subfield code="d">2018-04-20</subfield>
   <subfield code="l">1</subfield>
   <subfield code="o">615.8 Ch125</subfield>
   <subfield code="p">MD.11533</subfield>
   <subfield code="r">2019-10-11</subfield>
   <subfield code="s">2019-10-09</subfield>
   <subfield code="v">65000.00</subfield>
   <subfield code="w">2018-04-20</subfield>
   <subfield code="y">BK</subfield>
  </datafield>
  <datafield tag="952" ind1=" " ind2=" ">
   <subfield code="0">0</subfield>
   <subfield code="1">0</subfield>
   <subfield code="2">ddc</subfield>
   <subfield code="4">0</subfield>
   <subfield code="6">615_800000000000000_CH125</subfield>
   <subfield code="7">0</subfield>
   <subfield code="9">7359</subfield>
   <subfield code="a">000001</subfield>
   <subfield code="b">000001</subfield>
   <subfield code="d">2018-04-20</subfield>
   <subfield code="o">615.8 Ch125</subfield>
   <subfield code="p">MD.11534</subfield>
   <subfield code="r">2018-04-20</subfield>
   <subfield code="v">65000.00</subfield>
   <subfield code="w">2018-04-20</subfield>
   <subfield code="y">BK</subfield>
  </datafield>
  <datafield tag="952" ind1=" " ind2=" ">
   <subfield code="0">0</subfield>
   <subfield code="1">0</subfield>
   <subfield code="2">ddc</subfield>
   <subfield code="4">0</subfield>
   <subfield code="6">615_800000000000000_CH125</subfield>
   <subfield code="7">0</subfield>
   <subfield code="9">7360</subfield>
   <subfield code="a">000001</subfield>
   <subfield code="b">000001</subfield>
   <subfield code="d">2018-04-20</subfield>
   <subfield code="o">615.8 Ch125</subfield>
   <subfield code="p">MD.11692</subfield>
   <subfield code="r">2018-04-20</subfield>
   <subfield code="w">2018-04-20</subfield>
   <subfield code="y">BK</subfield>
  </datafield>
  <datafield tag="952" ind1=" " ind2=" ">
   <subfield code="0">0</subfield>
   <subfield code="1">0</subfield>
   <subfield code="2">ddc</subfield>
   <subfield code="4">0</subfield>
   <subfield code="6">615_800000000000000_CH125</subfield>
   <subfield code="7">0</subfield>
   <subfield code="9">7361</subfield>
   <subfield code="a">000001</subfield>
   <subfield code="b">000001</subfield>
   <subfield code="d">2018-04-20</subfield>
   <subfield code="o">615.8 Ch125</subfield>
   <subfield code="p">MD.11693</subfield>
   <subfield code="r">2018-04-20</subfield>
   <subfield code="w">2018-04-20</subfield>
   <subfield code="y">BK</subfield>
  </datafield>
  <datafield tag="952" ind1=" " ind2=" ">
   <subfield code="0">0</subfield>
   <subfield code="1">0</subfield>
   <subfield code="2">ddc</subfield>
   <subfield code="4">0</subfield>
   <subfield code="6">615_800000000000000_CH125</subfield>
   <subfield code="7">0</subfield>
   <subfield code="9">15705</subfield>
   <subfield code="a">000001</subfield>
   <subfield code="b">000001</subfield>
   <subfield code="d">2019-02-22</subfield>
   <subfield code="l">1</subfield>
   <subfield code="o">615.8 Ch125</subfield>
   <subfield code="p">MD.14385</subfield>
   <subfield code="r">2019-11-11</subfield>
   <subfield code="s">2019-10-25</subfield>
   <subfield code="v">65000.00</subfield>
   <subfield code="w">2019-02-22</subfield>
   <subfield code="y">BK</subfield>
  </datafield>
  <datafield tag="952" ind1=" " ind2=" ">
   <subfield code="0">0</subfield>
   <subfield code="1">0</subfield>
   <subfield code="2">ddc</subfield>
   <subfield code="4">0</subfield>
   <subfield code="6">615_800000000000000_CH125</subfield>
   <subfield code="7">0</subfield>
   <subfield code="9">15706</subfield>
   <subfield code="a">000001</subfield>
   <subfield code="b">000001</subfield>
   <subfield code="d">2019-02-22</subfield>
   <subfield code="o">615.8 Ch125</subfield>
   <subfield code="p">MD.14386</subfield>
   <subfield code="r">2019-02-22</subfield>
   <subfield code="v">65000.00</subfield>
   <subfield code="w">2019-02-22</subfield>
   <subfield code="y">BK</subfield>
  </datafield>
  <datafield tag="952" ind1=" " ind2=" ">
   <subfield code="0">0</subfield>
   <subfield code="1">0</subfield>
   <subfield code="2">ddc</subfield>
   <subfield code="4">0</subfield>
   <subfield code="6">615_800000000000000_CH125</subfield>
   <subfield code="7">0</subfield>
   <subfield code="9">15707</subfield>
   <subfield code="a">000001</subfield>
   <subfield code="b">000001</subfield>
   <subfield code="d">2019-02-22</subfield>
   <subfield code="o">615.8 Ch125</subfield>
   <subfield code="p">MD.14387</subfield>
   <subfield code="r">2019-02-22</subfield>
   <subfield code="v">65000.00</subfield>
   <subfield code="w">2019-02-22</subfield>
   <subfield code="y">BK</subfield>
  </datafield>
  <datafield tag="952" ind1=" " ind2=" ">
   <subfield code="0">0</subfield>
   <subfield code="1">0</subfield>
   <subfield code="2">ddc</subfield>
   <subfield code="4">0</subfield>
   <subfield code="6">615_800000000000000_CH125</subfield>
   <subfield code="7">0</subfield>
   <subfield code="9">15708</subfield>
   <subfield code="a">000001</subfield>
   <subfield code="b">000001</subfield>
   <subfield code="d">2019-02-22</subfield>
   <subfield code="o">615.8 Ch125</subfield>
   <subfield code="p">MD.14388</subfield>
   <subfield code="r">2019-02-22</subfield>
   <subfield code="v">65000.00</subfield>
   <subfield code="w">2019-02-22</subfield>
   <subfield code="y">BK</subfield>
  </datafield>
  <datafield tag="952" ind1=" " ind2=" ">
   <subfield code="0">0</subfield>
   <subfield code="1">0</subfield>
   <subfield code="2">ddc</subfield>
   <subfield code="4">0</subfield>
   <subfield code="6">615_800000000000000_CH125</subfield>
   <subfield code="7">0</subfield>
   <subfield code="9">15709</subfield>
   <subfield code="a">000001</subfield>
   <subfield code="b">000001</subfield>
   <subfield code="d">2019-02-22</subfield>
   <subfield code="o">615.8 Ch125</subfield>
   <subfield code="p">MD.14389</subfield>
   <subfield code="r">2019-02-22</subfield>
   <subfield code="v">65000.00</subfield>
   <subfield code="w">2019-02-22</subfield>
   <subfield code="y">BK</subfield>
  </datafield>
  <datafield tag="980" ind1=" " ind2=" ">
   <subfield code="a">Thư viện Trường Đại học Nam Cần Thơ</subfield>
  </datafield>
 </record>
</collection>
